| 000 | 00543cam a22002051 4500 | ||
|---|---|---|---|
| 001 | af 49000335 | ||
| 003 | DLC | ||
| 005 | 20260227110915.0 | ||
| 008 | 890515s1946 ne 000 1 ger c | ||
| 010 | _aaf 49000335 | ||
| 035 | _a(OCoLC)19709138 | ||
| 040 |
_aYale Univ. Library _cCU _dDLC |
||
| 042 | _apremarc | ||
| 050 | 0 | 0 |
_aPT2623.I553 _bK6 |
| 082 | 0 | _a833.91 | |
| 100 | 1 |
_aLilje, Hanns, _d1899-1977. |
|
| 245 | 1 | 4 |
_aDer Königspriester; _beine indische Novelle. |
| 260 |
_aTübingen, _bFurche-Verlag _c[1946] |
||
| 300 |
_a54 p. _c21 cm. |
||
| 999 |
_c6577 _d6577 |
||